The Archaeology of Mesopotamia (Record no. 575772)

MARC details
000 -LEADER
fixed length control field 00573nam a2200169Ia 4500
008 - FIXED-LENGTH DATA ELEMENTS--GENERAL INFORMATION
fixed length control field 250714s9999 xx 000 0 und d
020 ## - INTERNATIONAL STANDARD BOOK NUMBER
ISBN 9780415253161
082 ## - DEWEY DECIMAL CLASSIFICATION NUMBER
Classification number 935.001
Item number MAT
100 ## - MAIN ENTRY--AUTHOR NAME
Personal name Matthews, Roger
245 #4 - TITLE STATEMENT
Title The Archaeology of Mesopotamia
260 ## - PUBLICATION, DISTRIBUTION, ETC. (IMPRINT)
Name of publisher Psychology Press
Year of publication 2003
300 ## - PHYSICAL DESCRIPTION
Number of Pages 265 pages
500 ## - GENERAL NOTE
General note This innovative volume evaluates the theories, methods, approaches and history of Mesopotamian archaeology from its origins in the 19th century up the to present day.
650 ## - SUBJECT ADDED ENTRY--TOPICAL TERM
Topical Term History
942 ## - ADDED ENTRY ELEMENTS (KOHA)
Koha item type English Books
Holdings
Withdrawn status Lost status Damaged status Not for loan Home library Current library Shelving location Date acquired Full call number Accession Number Price effective from Koha item type
        Anna Centenary Library Anna Centenary Library 7TH FLOOR, B WING 14.07.2025 935.001 MAT 181856 14.07.2025 English Books

Find us on the map